Normal view
MARC view
- PATSIS, ANGELOS V
Entry Personal Name
001 - CONTROL NUMBER
- control field: 67106
003 - CONTROL NUMBER IDENTIFIER
- control field: NUST
005 - DATE AND TIME OF LATEST TRANSACTION
- control field: 20210628203738.0
008 - FIXED-LENGTH DATA ELEMENTS
- fixed length control field: 210628|| aca||aabn | a|a d
040 ## - CATALOGING SOURCE
- Original cataloging agency: NUST
- Transcribing agency: NUST
100 ## - HEADING--PERSONAL NAME
- Personal name: PATSIS, ANGELOS V
670 ## - SOURCE DATA FOUND
- Source citation: Work cat.: (NUST): PATSIS, ANGELOS V, ELEVENTH INTERNATIONAL CONFERENCE IN ORGANIC COATINGS SCIENCE AND TECHNOLOGY, ADVANCES IN ORGANIC COATINGS SCIENCE AND TECHNOLOGY SERIES, 1987
